000 01495nam a2200241Ia 4500
999 _c38153
_d38153
001 4143
003 GE_BSU
005 20190918120252.0
008 181216s1993||||ge |||||||||||||| ||geo||
040 _cGE_BSU
041 _ageo
080 _a398(479.22) გ-48
100 _aგიორგაძე, მ.
_94082
245 _aქართული ხალხური კალენდარული საწესჩვეულებო პოეზია /
_c საქ. მეცნ. აკად., ბათუმის ნ. ბერძენიშვილის სახ. სამეც.-კვლევ. ინ-ტი ; რედ.: ზ. თანდილავა.
264 _a თბ. :
_bმეცნიერება,
_c1993.
300 _a148 გვ. ;
_b21 სმ.
490 _aსამხრეთ-დასავლეთ საქართველოს ზეპირსიტყვიერება ;
_vXI
504 _a ბიბლიოგრ.: გვ. 134.
520 _aნაშრომი წარმოადგენს ქართული ხალხური კალენდარული საწესჩვეულებო პოეზიის მონოგრაფიული შესწავლის პირველ ცდას
653 _a ქართული ხალხური პოეზია
700 _aთანდილავა, ზ.
_eრედაქტორი
_94083
942 _cBK
_2udc